000 00502cam a22001934a 4500
005 20250605164157.0
008 250528s ||||||||||||||||||||||||d
035 _a19661
020 _a9602091185
040 _aGR-AtMCL
_bgre
_dGR-AtMCL
_eAACR2
245 1 _aPASCAL: ΜΙΑ ΜΕΘΟΔΙΚΗ ΠΡΟΣΕΓΓΙΣΗ
250 _a1
260 _bΚλειδάριθμος,
_c1991
300 _a391
700 1 _aΛαδιας Τασος
_95692
942 _cBK
999 _c4917
_d4917